000 00488nam a22001337a 4500
008 210225b ||||| |||| 00| 0 eng d
020 _a9781566371179
041 _aeng
080 _a510
100 _a36
101 _aMAT
245 _aApplied Mathematics
_cPhagan ,J.R
942 _2udc
_cBK
999 _c55174
_d55174